Representar el mundo externamente: la adquisición infantil de los sistemas externos de representación
Tallennettuna:
| Päätekijä: | |
|---|---|
| Aineistotyyppi: | Kirja |
| Kieli: | espanja |
| Julkaistu: |
Madrid
Visor
2003
|
| Sarja: | Aprendizaje
|
| Aiheet: | |
| Tagit: |
Lisää tagi
Ei tageja, Lisää ensimmäinen tagi!
|
MARC
| LEADER | 00000nam a2200000 a 4500 | ||
|---|---|---|---|
| 001 | UCH0790 | ||
| 003 | CL-VaPUC | ||
| 008 | 090326e20030000SP |||||||||||||||||spa|d | ||
| 020 | |a 8477741433 | ||
| 082 | 0 | 4 | |a 153 |b MAR |2 21 |
| 100 | |a Marti Sala, Eduardo |e autor |9 326490 | ||
| 245 | 1 | 0 | |a Representar el mundo externamente: la adquisición infantil de los sistemas externos de representación |
| 300 | |a 309 p | ||
| 942 | |c BK | ||
| 945 | |d 20090326 00:00:00 |a rbrito | ||
| 260 | |a Madrid |b Visor |c 2003 | ||
| 650 | 7 | |a PROCESOS MENTALES |2 CL-VaPUC |9 370472 | |
| 650 | 0 | |a Cognición |9 270347 | |
| 650 | 0 | |a Aprendizaje |9 254827 | |
| 650 | 0 | |a Inteligencia |9 267038 | |
| 650 | 0 | |a Razonamiento |9 256520 | |
| 650 | 0 | |a Procesos cognitivos |9 493766 | |
| 583 | |a last modification |c 20140403 05:51:22 |k Rodrigo Vera | ||
| 490 | 0 | |a Aprendizaje | |
| 999 | |c 333025 |d 333023 | ||
| 952 | |0 0 |1 0 |4 0 |6 153_000000000000000_MAR_2003 |7 0 |8 A |9 421153 |a BIBEDU |b BIBEDU |d 2019-11-22 |i 4524365 |o 153 MAR 2003 |p 4524365 |r 2019-11-22 |w 2019-11-22 |y BK |k EDI | ||